| 000 | 00657nam a2200193 a 4500 | ||
|---|---|---|---|
| 005 | 20140310183522.0 | ||
| 008 | 111111s19uu xx 00 eng d | ||
| 020 | _a9780415565653 | ||
| 050 |
_aLC 4015 _b.F368 2011 |
||
| 100 | _aFarrell, Michael | ||
| 245 |
_aThe effective teacher's guide to sensory and physical impairments : _bsensory, orthopaedic, motor and health impairments and traumatic brain injury / _cMichael Farrell. |
||
| 250 | _a2nd ed. | ||
| 260 |
_aNew York : _bRoutledge, _c2011. |
||
| 300 |
_a136 p. : _bill. ; _c23 cm. |
||
| 521 | _aEDU | ||
| 650 |
_aChildren with disabilities _xEducation |
||
| 942 |
_cBK _2lcc _kFOR |
||
| 999 |
_c24436 _d24436 |
||